| 000 | 00981nam a22002297a 4500 | ||
|---|---|---|---|
| 001 | 39350 | ||
| 003 | BD-RjUL | ||
| 005 | 20211209052955.0 | ||
| 008 | 160407c20122011bg ||||| |||| 00| 0 ben d | ||
| 020 |
_a9789350400494 _c: Tk. 880.00 |
||
| 035 | _a(BD-RjUL)39463 | ||
| 040 |
_aBD-RjUL _bben _cBD-RjUL |
||
| 041 | _aben | ||
| 082 |
_223 _a891.4414 _bGHR 2012 |
||
| 100 |
_aঘোষ, স্বাতী _9121304 |
||
| 245 | 1 | 0 |
_aরবীন্দ্রভাবনায় শান্তিনিকেতনে আলপনা / _cস্বাতী ঘোষ, |
| 260 |
_aকলকাতা : _bআনন্দ পাবলিশার্স প্রাইভেট লিমিটেড, _c২০১২. |
||
| 300 |
_a[সতেরো], ১১৮ পৃ. : _bচিত্র ; _c২৫ সেমি. |
||
| 600 |
_aঠাকুর, রবীন্দ্রনাথ _d১৮৬১-১৯৪১ _9122059 |
||
| 600 |
_aTagore, Rabindranath _d1861-1941 _9122060 |
||
| 942 |
_2ddc _cBK _02 |
||
| 999 |
_c39350 _d39350 |
||